[Event "World ol U16"]
[Site "Eindhoven"]
[Date "2023.08.15"]
[Round "5.23"]
[White "Kirtadze, Anastasia"]
[Black "Boshoma, Chisomo"]
[Result "1-0"]
[WhiteElo "2075"]
[BlackElo "1668"]
[PlyCount "95"]
[EventDate "2023.08.13"]
[EventType "team-swiss"]
[EventRounds "9"]
[EventCountry "NED"]
[SourceTitle "CBM 215 Extra"]
[Source "ChessBase"]
[SourceDate "2023.09.30"]
[SourceVersion "1"]
[SourceVersionDate "2023.09.30"]
[SourceQuality "1"]
[WhiteTeam "Georgia"]
[BlackTeam "South Africa"]
[WhiteTeamCountry "GEO"]
[BlackTeamCountry "RSA"]

1. e4 e6 2. d4 d5 3. Nd2 c5 4. Ngf3 cxd4 5. Nxd4 Nf6 6. exd5 Qxd5 7. N2f3 a6 8. c4 Qd6 9. Be2 Qc7 10. 0-0 Be7 11. a3 0-0 12. b4 b6 13. Bb2 Bb7 14. Qc2 h6 15. Rfe1 Nc6 16. h3 Rfd8 17. Rad1 Rac8 18. Bf1 Nxd4 19. Nxd4 Ba8 20. Qb3 Qa7 21. Nf3 Nh7 22. Ne5 Bf6 23. Qg3 Qc7 24. Ba1 Ng5 25. f3 a5 26. Rxd8+ Rxd8 27. Qf2 axb4 28. axb4 Bb7 29. Bd4 Qd6 30. Bc3 Ne4 31. fxe4 Bxe5 32. Bxe5 Qxe5 33. Qxb6 Rb8 34. Qe3 Qb2 35. b5 Rd8 36. c5 Qd4 37. Qxd4 Rxd4 38. c6 Bc8 39. Rb1 Rd6 40. e5 Rd5 41. b6 Rxe5 42. b7 Bxb7 43. cxb7 Kh7 44. Bd3+ g6 45. b8Q Rd5 46. Qf8 Rd7 47. Rb8 Rxd3 48. Qxf7# 1-0

[Event "World ol U16"]
[Site "Eindhoven"]
[Date "2023.08.14"]
[Round "2.16"]
[White "Rakovsky, Jakub"]
[Black "Kirtadze, Anastasia"]
[Result "1-0"]
[WhiteElo "1970"]
[BlackElo "2075"]
[PlyCount "143"]
[EventDate "2023.08.13"]
[EventType "team-swiss"]
[EventRounds "9"]
[EventCountry "NED"]
[SourceTitle "CBM 215 Extra"]
[Source "ChessBase"]
[SourceDate "2023.09.30"]
[SourceVersion "1"]
[SourceVersionDate "2023.09.30"]
[SourceQuality "1"]
[WhiteTeam "Slovakia"]
[BlackTeam "Georgia"]
[WhiteTeamCountry "SVK"]
[BlackTeamCountry "GEO"]

1. e4 c5 2. Nf3 e6 3. c3 d5 4. exd5 Qxd5 5. Na3 Nc6 6. Be2 Nf6 7. d4 cxd4 8. Nb5 Qd8 9. Nbxd4 Nxd4 10. Qxd4 Be7 11. Qxd8+ Bxd8 12. 0-0 Bc7 13. Bg5 Bd7 14. Bh4 Ke7 15. Bg3 Bxg3 16. hxg3 Bc6 17. Nd4 Rhd8 18. Rfd1 Rd6 19. Bf3 Rad8 20. Re1 g6 21. Bxc6 bxc6 22. Nb3 Nd5 23. Kf1 Nb6 24. Na5 R8d7 25. b4 Rc7 26. Red1 Nd5 27. Rd3 c5 28. Nc4 Ra6 29. b5 Ra4 30. Nb2 Ra3 31. c4 Rxd3 32. Nxd3 Nb4 33. Ke2 Nc2 34. Rd1 f6 35. g4 e5 36. g5 Nd4+ 37. Kf1 fxg5 38. Re1 Kf6 39. Rxe5 Ne6 40. a4 h5 41. a5 h4 42. Rd5 Ke7 43. Ne5 Nf4 44. Rd2 Kf6 45. Nc6 Rh7 46. Rd6+ Kf5 47. f3 g4 48. fxg4+ Kxg4 49. b6 axb6 50. a6 h3 51. gxh3+ Rxh3 52. Ne5+ Kg3 53. Ke1 Rh1+ 54. Kd2 Ra1 55. Rxb6 Kf2 56. Nxg6 Ra2+ 57. Kc3 Ne2+ 58. Kb3 Ra5 59. Ne5 Nd4+ 60. Kb2 Ra4 61. Nd3+ Ke3 62. Nxc5 Ra5 63. Nb3 Nxb3 64. Kxb3 Kd4 65. Kb4 Ra1 66. Rd6+ Ke5 67. Rd5+ Ke6 68. Kb5 Ra2 69. Kb6 Ra1 70. a7 Ra2 71. Kb7 Rb2+ 72. Rb5 1-0

[Event "Poti op 16th"]
[Site "Poti"]
[Date "2023.07.20"]
[Round "9"]
[White "Kirtadze, Anastasia"]
[Black "Chkhaidze, Nikoloz"]
[Result "0-1"]
[WhiteElo "1986"]
[BlackElo "2293"]
[PlyCount "96"]
[EventDate "2023.07.12"]
[EventType "swiss"]
[EventRounds "9"]
[EventCountry "GEO"]
[SourceTitle "EXT 2024"]
[Source "ChessBase"]
[SourceDate "2023.10.10"]
[SourceVersion "1"]
[SourceVersionDate "2023.10.10"]
[SourceQuality "1"]

1. e4 e5 2. Nf3 d6 3. d4 exd4 4. Nxd4 Nf6 5. Nc3 Be7 6. Be2 0-0 7. 0-0 Re8 8. Re1 Bf8 9. Bc4 c6 10. a4 a5 11. Bg5 h6 12. Bh4 Nbd7 13. Ba2 Ne5 14. h3 Ng6 15. Bg3 Qb6 16. Rb1 Bd7 17. Kh1 Rad8 18. f4 Bc8 19. f5 Ne5 20. Nf3 Qb4 21. Bb3 Ned7 22. Bh4 Be7 23. Na2 Qb6 24. c3 Nc5 25. Bxf6 Bxf6 26. Bc2 Qc7 27. b4 Nd7 28. Qd2 Ne5 29. Qf2 Nxf3 30. Qxf3 Re7 31. Re2 Rde8 32. Rbe1 b6 33. Nc1 Bb7 34. Nb3 c5 35. bxa5 bxa5 36. Nd2 Bh4 37. g3 Bg5 38. Nf1 d5 39. h4 dxe4 40. Qg4 e3+ 41. Kg1 Qc6 42. Qh3 Bf6 43. c4 Bc3 44. Rb1 Qf3 45. Qh2 Bd4 46. Bd3 Bc6 47. Qh3 Be4 48. Bxe4 Qxe2 0-1

[Event "Wch U14 Girls blitz"]
[Site "Batumi"]
[Date "2023.06.11"]
[Round "8"]
[White "Kirtadze, Anastasia"]
[Black "Tynyshtyk, Diana"]
[Result "1-0"]
[WhiteElo "1909"]
[BlackElo "1481"]
[PlyCount "119"]
[EventDate "2023.06.10"]
[EventType "swiss (blitz)"]
[EventRounds "11"]
[EventCountry "GEO"]
[SourceTitle "EXT 2024"]
[Source "ChessBase"]
[SourceDate "2023.10.10"]
[SourceVersion "1"]
[SourceVersionDate "2023.10.10"]
[SourceQuality "1"]
[WhiteTeam "Georgia"]
[BlackTeam "Kazakhstan"]
[WhiteTeamCountry "GEO"]
[BlackTeamCountry "KAZ"]

1. e4 c5 2. Nf3 Nc6 3. Bb5 g6 4. Bxc6 bxc6 5. 0-0 Bg7 6. Re1 Nf6 7. e5 Nd5 8. Na3 0-0 9. Nc4 Rb8 10. d3 Qc7 11. Bd2 d6 12. h3 Ba6 13. Rb1 Qd7 14. Qe2 Nc7 15. exd6 exd6 16. b3 Rfe8 17. Qf1 Nd5 18. a3 Nb6 19. Bf4 Nxc4 20. dxc4 Rbd8 21. Rbd1 d5 22. Be5 Qf5 23. Bxg7 Kxg7 24. Rxe8 Rxe8 25. Re1 Rxe1 26. Qxe1 Qe6 27. Qa5 Bc8 28. Qxc5 dxc4 29. Qd4+ Kg8 30. bxc4 Bd7 31. Qxa7 Be8 32. Qd4 Qe2 33. a4 Qxc2 34. Qd8 Qc1+ 35. Kh2 Qf4+ 36. g3 Qxf3 37. Qxe8+ Kg7 38. Qe5+ Kg8 39. Qc5 h5 40. h4 Kh7 41. a5 g5 42. Qd4 gxh4 43. gxh4 Qf5 44. a6 Qc8 45. a7 Qc7+ 46. f4 Qb7 47. Qd3+ Kg7 48. Qa3 Qa8 49. Kg3 Kg6 50. Qa5 Kf6 51. Qe5+ Kg6 52. Qg5+ Kh7 53. Qxh5+ Kg7 54. Qe5+ Kh7 55. Qb8 f5 56. Qxa8 Kh6 57. Qb7 c5 58. a8Q Kh5 59. Qh8+ Kg6 60. Qbg7# 1-0

[Event "Wch U14 Girls blitz"]
[Site "Batumi"]
[Date "2023.06.11"]
[Round "11"]
[White "Zubkovskaya, Ekaterina"]
[Black "Kirtadze, Anastasia"]
[Result "0-1"]
[WhiteElo "1420"]
[BlackElo "1909"]
[PlyCount "166"]
[EventDate "2023.06.10"]
[EventType "swiss (blitz)"]
[EventRounds "11"]
[EventCountry "GEO"]
[SourceTitle "EXT 2024"]
[Source "ChessBase"]
[SourceDate "2023.10.10"]
[SourceVersion "1"]
[SourceVersionDate "2023.10.10"]
[SourceQuality "1"]
[WhiteTeam "FIDE"]
[BlackTeam "Georgia"]
[BlackTeamCountry "GEO"]

1. e4 c5 2. c3 d5 3. exd5 Qxd5 4. d4 Nf6 5. Nf3 e6 6. Bd3 Nc6 7. 0-0 cxd4 8. cxd4 Be7 9. Nc3 Qd6 10. Re1 0-0 11. Be3 a6 12. a3 b5 13. Rc1 Bb7 14. h3 Rac8 15. Qe2 Rfd8 16. Red1 Qb8 17. Bb1 Rd7 18. Ba2 Rcd8 19. Rd2 h6 20. Rcd1 Qa8 21. b4 Kf8 22. Bb3 Kg8 23. Ba2 Bf8 24. Bb3 Qb8 25. Bc2 Nd5 26. Nxd5 Rxd5 27. Qd3 g6 28. Bb3 R5d7 29. Qe2 Bg7 30. d5 exd5 31. Bxd5 Na7 32. Bxb7 Qxb7 33. Nd4 Nc6 34. Nxc6 Qxc6 35. g3 Rxd2 36. Rxd2 Rc8 37. Rd3 Re8 38. Qd2 Qc7 39. Rd7 Qe5 40. Bd4 Qe1+ 41. Qxe1 Rxe1+ 42. Kg2 Rd1 43. Rd8+ Kh7 44. Bb6 Ra1 45. Rd7 Rxa3 46. Rxf7 Rd3 47. Bc7 Kg8 48. Re7 Bc3 49. Ba5 Rd6 50. Rc7 Be5 51. Rc8+ Kf7 52. Rc2 Bf6 53. Rc7+ Ke6 54. Kf3 Rd3+ 55. Ke2 Rd6 56. Kf3 Kf5 57. Rc5+ Ke6 58. Rc7 Bd4 59. Rh7 h5 60. Rc7 Kd5 61. Ke2 Re6+ 62. Kd3 Bxf2 63. Rd7+ Rd6 64. Rxd6+ Kxd6 65. g4 hxg4 66. hxg4 Kd5 67. Bd8 Be1 68. Be7 a5 69. bxa5 Bxa5 70. Kc2 Ke4 71. Kb3 Kf4 72. g5 Kf5 73. Ka3 Bd2 74. Bd6 Kxg5 75. Kb3 Kf5 76. Kc2 Be1 77. Kd3 g5 78. Kd4 b4 79. Kc4 Ke4 80. Kb3 g4 81. Bc7 Kf3 82. Bh2 g3 83. Bg1 Bf2 0-1

[Event "Wch U14 Girls blitz"]
[Site "Batumi"]
[Date "2023.06.10"]
[Round "5"]
[White "Mgeladze, Kesaria"]
[Black "Kirtadze, Anastasia"]
[Result "1-0"]
[WhiteElo "1712"]
[BlackElo "1909"]
[PlyCount "68"]
[EventDate "2023.06.10"]
[EventType "swiss (blitz)"]
[EventRounds "11"]
[EventCountry "GEO"]
[SourceTitle "EXT 2024"]
[Source "ChessBase"]
[SourceDate "2023.10.10"]
[SourceVersion "1"]
[SourceVersionDate "2023.10.10"]
[SourceQuality "1"]
[WhiteTeam "Georgia"]
[BlackTeam "Georgia"]
[WhiteTeamCountry "GEO"]
[BlackTeamCountry "GEO"]

1. d4 Nf6 2. Nc3 e6 3. Bf4 d5 4. e3 Bb4 5. Nge2 0-0 6. a3 Be7 7. Nc1 c5 8. dxc5 Bxc5 9. Nb3 Bb6 10. Qf3 Nfd7 11. Bd6 Re8 12. 0-0-0 Nc6 13. Bd3 h6 14. Qg3 Nf8 15. Na4 e5 16. Nxb6 axb6 17. Bxf8 Rxf8 18. Bb5 f6 19. Bc4 Be6 20. e4 Na5 21. Bxd5 Bxd5 22. Nxa5 Rxa5 23. Rxd5 Rxd5 24. Qb3 Qc7 25. Qxd5+ Kh7 26. Rd1 Rc8 27. c3 Qe7 28. Qd6 Qe8 29. Qd7 Qg8 30. Qf5+ Kh8 31. Rd7 Rf8 32. Qg6 Rd8 33. Rxb7 Rd6 34. Qf7 Qxf7 1-0

[Event "Wch U14 Girls rapid"]
[Site "Batumi"]
[Date "2023.06.08"]
[Round "8"]
[White "Kirtadze, Anastasia"]
[Black "Zubkovskaya, Ekaterina"]
[Result "1-0"]
[WhiteElo "1821"]
[BlackElo "1547"]
[PlyCount "75"]
[EventDate "2023.06.06"]
[EventType "swiss (rapid)"]
[EventRounds "11"]
[EventCountry "GEO"]
[SourceTitle "EXT 2024"]
[Source "ChessBase"]
[SourceDate "2023.10.10"]
[SourceVersion "1"]
[SourceVersionDate "2023.10.10"]
[SourceQuality "1"]
[WhiteTeam "Georgia"]
[BlackTeam "FIDE"]
[WhiteTeamCountry "GEO"]

1. e4 e5 2. Nf3 Nc6 3. Bb5 a6 4. Ba4 d6 5. 0-0 Nf6 6. Re1 Be7 7. c3 b5 8. Bb3 Bb7 9. d4 0-0 10. Nbd2 Re8 11. Nf1 h6 12. Ng3 a5 13. a3 exd4 14. cxd4 a4 15. Ba2 Qd7 16. Qd3 Ba6 17. Qc2 Rab8 18. e5 dxe5 19. dxe5 Nd4 20. Nxd4 Qxd4 21. exf6 Bxf6 22. Be3 Qd7 23. Rad1 Qc8 24. Qg6 Re7 25. Bxh6 Rxe1+ 26. Rxe1 Qd7 27. Nh5 Qd4 28. Qxf7+ Kh8 29. Nxf6 Qxf6 30. Qxf6 gxf6 31. Re7 Rd8 32. h4 c5 33. Bg7+ Kh7 34. Bb1+ f5 35. Bxf5+ Kg8 36. h5 Bc8 37. Be4 b4 38. h6 1-0